Veritatis splendor súhrnné predstavenie encykliky

Bibliographic Details
Main Author: J.CH (Author)
Format: Article
Language:Slovak
Subjects:

MARC

LEADER 00000nab a2200000 a 4500
001 vtls000496687
003 SK-MaSNL
005 20260303194748.0
008 120927c1993 xo 0 slo
015 |a SNBRB19rr/mm-uuuuu 
035 |a CL0496825 
040 |a SNKBUCL  |b slo  |c SNKBUCL  |e AACR2 
041 0 |a slo 
044 |a xo  |c SK 
080 |a 282  |2 1981 
100 0 |a J.CH.  |4 aut  |9 898409 
245 1 0 |a Veritatis splendor  |b súhrnné predstavenie encykliky  |c J.CH. 
600 0 7 |a Ján Pavol  |b II.,  |c pápež,  |d 1920-2005  |2 snkbucl  |9 106999 
630 0 7 |a Veritatis splendor (encyklika)  |2 snkbucl  |9 1227210 
655 7 |a články z novín a časopisov  |2 snkbucl  |9 267496 
773 0 |t Katolícke noviny  |g Roč. 108, č. 41 (1993), s. 3 
850 |a Slovenská národná knižnica v Martine  |a MTA001 
852 |a SNK  |b KIS3GCP 
958 |a RK 
992 |a RBX 
999 |c 2159397  |d 2161327